| 000 | 00726nam a2200229Ii 4500 | ||
|---|---|---|---|
| 003 | JO-AjNU | ||
| 008 | 230605s9999||||xx |||||||||||||| ||und|| | ||
| 017 | _a2007/6/1836 | ||
| 020 | _a978-9957-09-298-6 | ||
| 040 |
_aJO-AjNU _bara _erda _cJO-AjNU |
||
| 041 | _aara | ||
| 050 | 1 | 4 | _aPN45.M3 2007 |
| 100 | 3 |
_aالمديني، أحمد, _eauthor _950084 |
|
| 245 | 0 | 0 | _aعمل الكاتب ؛ الكاتب وهو يعمل |
| 250 | _aط1 | ||
| 264 | 3 | 1 | _aعمان: أزمنة للنشر والتوزيع، 2007 |
| 300 | _a107ص | ||
| 336 |
_atext _btxt _2rdacontent |
||
| 337 |
_aunmediated _bn _2rdamedia |
||
| 338 |
_avolume _bnc _2rdacarrier |
||
| 650 | 4 |
_aالكتابة - أدباء - الأدب المقارن _950085 |
|
| 999 |
_aA22039 _c25607 _d25607 |
||